100 Biggest Cities of the United Kingdom on a Map - Statistics

General Stats
  • This quiz has been taken 896 times
  • The average score is 59 of 100
Answers on the Map
Answers color-coded by a green-red scale on the quiz's map according to % correct below.
 
Answer Stats
Population City % Correct
631,690 Glasgow
99%
8,776,535 London
99%
1,121,408 Birmingham
98%
505,310 Edinburgh
98%
470,411 Manchester
98%
384,704 Belfast (Dundonald/Newtownbreda/Derriaghy)
97%
506,552 Liverpool
97%
348,546 Cardiff
94%
536,321 Leeds
94%
286,468 Newcastle upon Tyne
94%
425,232 Bristol
92%
196,220 Aberdeen
91%
170,798 Oxford
89%
500,552 Sheffield
89%
249,604 Southampton
89%
266,983 Plymouth
87%
277,106 Brighton and Hove
86%
152,725 Cambridge
86%
200,752 Norwich
86%
299,797 Nottingham
86%
406,588 Leicester
85%
170,055 Swansea
85%
146,840 Dundee
83%
141,671 York
83%
85,279 Derry
82%
270,806 Kingston upon Hull
82%
223,312 Portsmouth
79%
344,322 Coventry
77%
149,056 Blackpool
76%
196,445 Bournemouth
75%
151,562 Ipswich
75%
234,015 Wolverhampton
75%
275,599 Derby
74%
243,511 Northampton
74%
260,602 Stoke-on-Trent
74%
233,498 Luton
73%
126,156 Exeter
72%
203,808 Reading
72%
168,277 Sunderland
72%
94,092 Bath
71%
333,931 Bradford
70%
92,742 Chester
66%
104,565 Lincoln
64%
118,541 Gloucester
63%
130,900 Newport
62%
182,287 Southend-on-Sea
61%
197,354 Milton Keynes
60%
94,508 Preston
59%
124,983 Blackburn
58%
148,219 Middlesbrough
58%
105,455 Worcester
58%
184,073 Bolton
56%
190,584 Peterborough
56%
131,326 Watford
55%
130,248 Colchester
53%
183,638 Swindon
53%
140,977 Poole
52%
87,457 Doncaster
50%
141,692 Huddersfield
50%
85,911 Grimsby
49%
166,877 Slough
49%
108,409 Salford
46%
117,941 Stockport
45%
120,549 Crawley
43%
110,718 Oldham
43%
91,480 Hastings
42%
109,848 Birkenhead
41%
156,896 Telford
40%
97,241 Bedford
39%
110,606 Chelmsford
39%
99,189 Eastbourne
39%
174,954 Warrington
39%
115,316 Gateshead
38%
115,959 Cheltenham
37%
87,984 Hartlepool
37%
111,261 Rochdale
37%
94,421 Southport
37%
97,852 Wakefield
37%
109,490 Maidstone
36%
111,621 Worthing
36%
83,523 High Wycombe
35%
107,677 St Helens
35%
84,628 Weston-super-Mare
35%
103,112 West Bromwich
34%
93,037 Darlington
33%
108,483 Gillingham
33%
117,207 Basingstoke
32%
88,109 Halifax
31%
84,801 Stockton-on-Tees
30%
107,728 Solihull
28%
94,456 Stevenage
28%
115,964 Basildon
27%
95,961 Hemel Hempstead
27%
87,967 Aylesbury
25%
88,813 Nuneaton
24%
93,369 Sutton Coldfield
20%
93,566 Harlow
17%
85,611 Wallasey
14%
160,260 Kingswood (Fishponds)
13%
97,635 Wythenshawe
9%
No matching quizzes found
Score Distribution
Percent of People with Each Score
Percentile by Number Answered
Your Score History
You have not taken this quiz